Vista normal
Vista MARC
Entrada Meeting Name
Número de registros utilizados en: 1
001 - CONTROL NUMBER
- control field: 2702
003 - CONTROL NUMBER IDENTIFIER
- control field: OSt
005 - DATE AND TIME OF LATEST TRANSACTION
- control field: 20131010192631.0
008 - FIXED-LENGTH DATA ELEMENTS
- fixed length control field: 131010|||a|||||| | ||| d
040 ## - CATALOGING SOURCE
- Original cataloging agency: OSt
- Transcribing agency: OSt
111 ## - HEADING--MEETING NAME
- Meeting name or jurisdiction name as entry element: Academia Nacional de Medicina de Buenos Aires
670 ## - SOURCE DATA FOUND
- Source citation: Work cat.: (OSt): Academia Nacional de Medicina de Buenos Aires, Actividades Academicas de la Reunion Conjunta de la Academia Nacional de Medicina de Buenos Aires y la Academia de Ciencias Medicas de Cordoba: Desafios de la prevencion en Pediatria para el nuevo milenio., 2003